Statistics for Massachusetts and Rhode Island towns with the same name

Click here to take the quiz!

General Stats

  • This quiz has been taken 29 times
  • The average score is 7 of 10

Answer Stats

First LetterMA CountyRI CountyAnswer% Correct
HMiddlesexWashingtonHopkinton
82%
K/N/SPlymouthWashington(North/South) Kingsto(w)n
76%
LMiddlesexProvidenceLincoln
71%
SPlymouthProvidenceScituate
71%
GEssexProvidenceGlo(u)cester
65%
B/GBerkshireBristol(Great) Barrington
65%
MEssexNewportMiddleto(w)n
65%
RBerkshireWashingtonRichmond
65%
WWorcesterBristolWarren
59%
WFranklinKentWarwick
59%

Score Distribution

Percentile by Number Answered

Percent of People with Each Score

Your Score History

You have not taken this quiz